Famous Canadians by Picture - Statistics

General Stats
  • This quiz has been taken 49,517 times
    19,152 since last reset
  • The average score is 12 of 20
Answer Stats
Picture Answer % Correct
Justin Bieber
97%
Drake
91%
Keanu Reeves
87%
Ryan Gosling
85%
Justin Trudeau
84%
Ryan Reynolds
83%
Jim Carrey
82%
The Weeknd
80%
Celine Dion
73%
Avril Lavigne
69%
Pamela Anderson
66%
Michael J. Fox
58%
Michael Bublé
55%
Wayne Gretzky
54%
William Shatner
41%
Alex Trebek
40%
Rachel McAdams
38%
Joni Mitchell
28%
Shania Twain
25%
Dave Foley
6%
No matching quizzes found
Score Distribution
Percent of People with Each Score
Percentile by Number Answered
Your Score History
You have not taken this quiz since the last reset